000 00772nam a2200265 i 4500
001 bg
100 1 _aBARANOWSKI, Wacław
245 1 0 _aZużycie nieruchomości zabudowanych :
_bporadnik /
_c[Wacław Baranowski, Mieczysław Cyran].
250 _aWyd. 2 uaktual.
260 _aWarszawa :
_bInstytut Doradztwa Majątkowego,
_c2003.
300 _a114 s. :
_bil. ;
_c20 cm.
490 1 _aPoradnik Doradcy Majątkowego
521 _aBibliogr.
650 9 _aNieruchomości
_xwycena
655 _aPoradniki
700 1 _aCYRAN, Mieczysław
830 _aPoradnik Doradcy Majątkowego
020 _a8389253291
040 _cBPK
041 0 _apol
080 _a332.74(083.1)
920 _a83-89253-29-1
942 _cKA
008 s pl f |000 0 pol
999 _c35071
_d35071
856 _uhttp://koha.tu.koszalin.pl/cgi-bin/koha/opac-detail.pl?biblionumber=35071
_yKatalog online BPK